MARC details
| 000 -LEADER |
| fixed length control field |
03489cam a2200721 i 4500 |
| 001 - CONTROL NUMBER |
| control field |
20146102 |
| 005 - DATE AND TIME OF LATEST TRANSACTION |
| control field |
20200320222905.0 |
| 008 - FIXED-LENGTH DATA ELEMENTS--GENERAL INFORMATION |
| fixed length control field |
171117t20162016nyua b 000 0 eng d |
| 010 ## - LIBRARY OF CONGRESS CONTROL NUMBER |
| LC control number |
2017478016 |
| 020 ## - INTERNATIONAL STANDARD BOOK NUMBER |
| International Standard Book Number |
9781627793049 |
| Qualifying information |
(hardcover) |
| 020 ## - INTERNATIONAL STANDARD BOOK NUMBER |
| International Standard Book Number |
1627793046 |
| Qualifying information |
(hardcover) |
| 020 ## - INTERNATIONAL STANDARD BOOK NUMBER |
| International Standard Book Number |
9780192759887 |
| Qualifying information |
(paperback) |
| 020 ## - INTERNATIONAL STANDARD BOOK NUMBER |
| International Standard Book Number |
0192759884 |
| Qualifying information |
(paperback) |
| 035 ## - SYSTEM CONTROL NUMBER |
| System control number |
(OCoLC)ocn928488490 |
| 040 ## - CATALOGING SOURCE |
| Original cataloging agency |
YDXCP |
| Language of cataloging |
eng |
| Transcribing agency |
YDXCP |
| Description conventions |
rda |
| Modifying agency |
BTCTA |
| -- |
BDX |
| -- |
OCLCQ |
| -- |
CLE |
| -- |
BKL |
| -- |
OCLCO |
| -- |
UAB |
| -- |
UIU |
| -- |
OCLCO |
| -- |
FWP |
| -- |
OCLCO |
| -- |
PCX |
| -- |
OCLCO |
| -- |
OCLCF |
| -- |
OCLCO |
| -- |
ZHB |
| -- |
NYP |
| -- |
EHH |
| -- |
TXLYT |
| -- |
OCLCO |
| -- |
TOH |
| -- |
TXP |
| -- |
IGA |
| -- |
B@L |
| -- |
PRSPR |
| -- |
AUPTL |
| -- |
OCL |
| -- |
AL5CW |
| -- |
MVD |
| -- |
CHILD |
| -- |
OCLCQ |
| -- |
OCLCO |
| -- |
DLC |
| 042 ## - AUTHENTICATION CODE |
| Authentication code |
lcac |
| -- |
lccopycat |
| 043 ## - GEOGRAPHIC AREA CODE |
| Geographic area code |
n-us |
| 050 00 - LIBRARY OF CONGRESS CALL NUMBER |
| Classification number |
PZ8.3 |
| Item number |
.W1582 2016 |
| 082 04 - DEWEY DECIMAL CLASSIFICATION NUMBER |
| Classification number |
782.42 |
| -- |
E |
| Edition number |
23 |
| 245 00 - TITLE STATEMENT |
| Title |
Walking in a winter wonderland : |
| Remainder of title |
based on the song by Felix Bernard and Richard B. Smith / |
| Statement of responsibility, etc |
as sung by Peggy Lee ; illustrated by Tim Hopgood. |
| 250 ## - EDITION STATEMENT |
| Edition statement |
First American edition. |
| 264 #1 - Production, Publication, Distribution, Manufacture, and Copyright Notice. |
| Place of production, publication, distribution, manufacture |
New York : |
| Name of producer, publisher, distributor, manufacturer |
Henry Holt and Company, |
| Date of production, publication, distribution, manufacture, or copyr |
2016. |
| 264 #4 - Production, Publication, Distribution, Manufacture, and Copyright Notice. |
| Date of production, publication, distribution, manufacture, or copyr |
©2016 |
| 300 ## - PHYSICAL DESCRIPTION |
| Extent |
1 volume (unpaged) : |
| Other physical details |
color illustrations ; |
| Dimensions |
29 cm |
| 336 ## - Content Type |
| Content type term |
text |
| 336 ## - Content Type |
| Content type term |
still image |
| 337 ## - Media type |
| Media type term |
unmediated |
| 338 ## - Carrier type |
| Carrier type term |
volume |
| 500 ## - GENERAL NOTE |
| General note |
"Words by Dick Smith / Lyrics by Felix Bernard"--Preliminary page. |
| 520 ## - SUMMARY, ETC. |
| Summary, etc |
Based on the lyrics of the classic song, celebrates winter by following a family through frosty fields and snow-covered woods as they walk and play together. |
| 650 #0 - SUBJECT ADDED ENTRY--TOPICAL TERM |
| Topical term or geographic name as entry element |
Children's songs, English |
| Geographic subdivision |
United States |
| Form subdivision |
Texts. |
| 9 (RLIN) |
5685947 |
| 650 #1 - SUBJECT ADDED ENTRY--TOPICAL TERM |
| Topical term or geographic name as entry element |
Winter |
| Form subdivision |
Songs and music. |
| 9 (RLIN) |
6017206 |
| 650 #1 - SUBJECT ADDED ENTRY--TOPICAL TERM |
| Topical term or geographic name as entry element |
Snow |
| Form subdivision |
Songs and music. |
| 9 (RLIN) |
6017207 |
| 650 #1 - SUBJECT ADDED ENTRY--TOPICAL TERM |
| Topical term or geographic name as entry element |
Play |
| Form subdivision |
Songs and music. |
| 9 (RLIN) |
6017208 |
| 650 #1 - SUBJECT ADDED ENTRY--TOPICAL TERM |
| Topical term or geographic name as entry element |
Christmas |
| Form subdivision |
Songs and music. |
| 9 (RLIN) |
6017209 |
| 650 #1 - SUBJECT ADDED ENTRY--TOPICAL TERM |
| Topical term or geographic name as entry element |
Songs. |
| 9 (RLIN) |
6017210 |
| 650 #7 - SUBJECT ADDED ENTRY--TOPICAL TERM |
| Topical term or geographic name as entry element |
JUVENILE FICTION |
| General subdivision |
Holidays & Celebrations |
| -- |
Christmas & Advent. |
| Source of heading or term |
bisacsh |
| 9 (RLIN) |
5713931 |
| 650 #7 - SUBJECT ADDED ENTRY--TOPICAL TERM |
| Topical term or geographic name as entry element |
JUVENILE FICTION |
| General subdivision |
Performing Arts |
| -- |
Music. |
| Source of heading or term |
bisacsh |
| 9 (RLIN) |
6017211 |
| 650 #7 - SUBJECT ADDED ENTRY--TOPICAL TERM |
| Topical term or geographic name as entry element |
JUVENILE NONFICTION |
| General subdivision |
Concepts |
| -- |
Seasons. |
| Source of heading or term |
bisacsh |
| 9 (RLIN) |
6017212 |
| 650 #7 - SUBJECT ADDED ENTRY--TOPICAL TERM |
| Topical term or geographic name as entry element |
Picture books for children. |
| Source of heading or term |
fast |
| -- |
(OCoLC)fst01063717 |
| 9 (RLIN) |
6017213 |
| 650 #7 - SUBJECT ADDED ENTRY--TOPICAL TERM |
| Topical term or geographic name as entry element |
Play. |
| Source of heading or term |
fast |
| -- |
(OCoLC)fst01066938 |
| 9 (RLIN) |
6017214 |
| 650 #7 - SUBJECT ADDED ENTRY--TOPICAL TERM |
| Topical term or geographic name as entry element |
Songs, English. |
| Source of heading or term |
fast |
| -- |
(OCoLC)fst01126319 |
| 9 (RLIN) |
6017215 |
| 650 #7 - SUBJECT ADDED ENTRY--TOPICAL TERM |
| Topical term or geographic name as entry element |
Winter. |
| Source of heading or term |
fast |
| -- |
(OCoLC)fst01176048 |
| 9 (RLIN) |
6017216 |
| 655 #7 - INDEX TERM--GENRE/FORM |
| Genre/form data or focus term |
Christmas stories. |
| Source of term |
fast |
| -- |
(OCoLC)fst01726561 |
| 9 (RLIN) |
6017217 |
| 655 #7 - INDEX TERM--GENRE/FORM |
| Genre/form data or focus term |
Fiction. |
| Source of term |
fast |
| -- |
(OCoLC)fst01423787 |
| 9 (RLIN) |
5673940 |
| 655 #7 - INDEX TERM--GENRE/FORM |
| Genre/form data or focus term |
Juvenile works. |
| Source of term |
fast |
| -- |
(OCoLC)fst01411637 |
| 9 (RLIN) |
5673941 |
| 655 #7 - INDEX TERM--GENRE/FORM |
| Genre/form data or focus term |
Picture books. |
| Source of term |
fast |
| -- |
(OCoLC)fst01726789 |
| 9 (RLIN) |
6017218 |
| 655 #7 - INDEX TERM--GENRE/FORM |
| Genre/form data or focus term |
Christmas stories. |
| Source of term |
gsafd |
| 9 (RLIN) |
6017217 |
| 655 #7 - INDEX TERM--GENRE/FORM |
| Genre/form data or focus term |
Picture books for children. |
| Source of term |
lcgft |
| 9 (RLIN) |
6017219 |
| 655 #7 - INDEX TERM--GENRE/FORM |
| Genre/form data or focus term |
Picture books. |
| Source of term |
lcgft |
| 9 (RLIN) |
6017218 |
| 655 #7 - INDEX TERM--GENRE/FORM |
| Genre/form data or focus term |
Fiction. |
| Source of term |
lcgft |
| 9 (RLIN) |
5673940 |
| 650 #7 - SUBJECT ADDED ENTRY--TOPICAL TERM |
| Topical term or geographic name as entry element |
Christmas music. |
| Form subdivision |
Texts. |
| Source of heading or term |
sears |
| 9 (RLIN) |
5686672 |
| 650 #7 - SUBJECT ADDED ENTRY--TOPICAL TERM |
| Topical term or geographic name as entry element |
Children's songs |
| Geographic subdivision |
United States |
| Form subdivision |
Texts. |
| Source of heading or term |
sears |
| 9 (RLIN) |
5710008 |
| 700 1# - ADDED ENTRY--PERSONAL NAME |
| Personal name |
Smith, Richard B., |
| Dates associated with a name |
1901-1935, |
| Relator term |
lyricist. |
| 9 (RLIN) |
74927 |
| 700 1# - ADDED ENTRY--PERSONAL NAME |
| Personal name |
Hopgood, Tim, |
| Relator term |
illustrator. |
| 9 (RLIN) |
5774373 |
| 700 1# - ADDED ENTRY--PERSONAL NAME |
| Personal name |
Bernard, Felix, |
| Dates associated with a name |
1897-1944. |
| Title of a work |
Winter wonderland. |
| -- |
Based on (work) : |
| 9 (RLIN) |
6017220 |
| 906 ## - LOCAL DATA ELEMENT F, LDF (RLIN) |
| a |
7 |
| b |
cbc |
| c |
copycat |
| d |
2 |
| e |
ncip |
| f |
20 |
| g |
y-gencatlg |
| 925 0# - |
| -- |
acquire |
| -- |
1 shelf copies |
| -- |
policy default |
| 942 ## - ADDED ENTRY ELEMENTS (KOHA) |
| Koha item type |
BOOK |
| 948 ## - LOCAL PROCESSING INFORMATION (OCLC); SERIES PART DESIGNATOR (RLIN) |
| Series part designator, SPT (RLIN) |
01/17/2020 |
| z (OCLC) |
Sirsi |
| 996 ## - |
| -- |
174275 |
| -- |
34301001653288 |
| -- |
E |
| -- |
bk |
| -- |
wcl |
| -- |
i |
| -- |
2 |
| -- |
17.99 |
| -- |
Baker & Taylor |
| -- |
Smi |
| -- |
01/17/2020 |
| -- |
02/11/2020 |
| -- |
02/06/2020 |